BIBLIOTECA

SENCICO

Procedimientos constructivos del sistema de alcantarillado / (Registro nro. 4438)

Detalles MARC
000 -LEADER
fixed length control field 01046nam a22002417a 4500
003 - CONTROL NUMBER IDENTIFIER
control field PE SENCICO BE
005 - DATE AND TIME OF LATEST TRANSACTION
control field 20251020182646.0
008 - FIXED-LENGTH DATA ELEMENTS--GENERAL INFORMATION
fixed length control field 231114b |||||||| |||| 00| 0 eng d
040 ## - CATALOGING SOURCE
Original cataloging agency PE SENCICO BE
Transcribing agency PE SENCICO BE
041 ## - LANGUAGE CODE
Language code of text/sound track or separate title spa
084 ## - OTHER CLASSIFICATION NUMBER
Classification number I
-- RED
-- 2018
Item number A61
100 1# - MAIN ENTRY--PERSONAL NAME
9 (RLIN) 1785
Personal name Añanca Curilla, Jimmy Gustavo
Relator term autor
245 1# - TITLE STATEMENT
Title Procedimientos constructivos del sistema de alcantarillado /
Statement of responsibility, etc. Jimmy Gustavo Añanca Curilla
260 ## - PUBLICATION, DISTRIBUTION, ETC.
Place of publication, distribution, etc. Lima :
Date of publication, distribution, etc. 2018
300 ## - PHYSICAL DESCRIPTION
Extent 63 h. :
Other physical details il. col. ;
Dimensions 30 cm.
502 ## - DISSERTATION NOTE
Dissertation note Monografía de Titulación.-- Servicio Nacional de Capacitación para la Industria de la Construcción. Escuela Superior Técnica. Carrera Profesional Técnica en Redes de Agua Potable y Agua Residual, 2018
650 10 - SUBJECT ADDED ENTRY--TOPICAL TERM
9 (RLIN) 492
Topical term or geographic name entry element Proceso constructivo
650 20 - SUBJECT ADDED ENTRY--TOPICAL TERM
9 (RLIN) 1763
Topical term or geographic name entry element Sistema de agua potable y alcantarillado
650 20 - SUBJECT ADDED ENTRY--TOPICAL TERM
9 (RLIN) 942
Topical term or geographic name entry element Sistemas constructivos
710 1# - ADDED ENTRY--CORPORATE NAME
Corporate name or jurisdiction name as entry element Servicio Nacional de Capacitación para la Industria de la Construcción.
Subordinate unit Escuela Superior Técnica
9 (RLIN) 1065
910 ## - USER-OPTION DATA (OCLC)
-- hfp
-- hfp
942 ## - ADDED ENTRY ELEMENTS (KOHA)
Koha item type Monografía de Titulación
Existencias
Fecha de la última vez que lo usaron Número de ingreso o de inventario Pago total Signatura topográfica completa Código de barras Precio efectivo desde Tipo de documento Estado perdido Estado dañado No es para préstamo Retirado Ubicación permanente Ubicación actual Fecha de adquisición
14/11/2023 I-00262   I/RED/2018/A61 BibLima23110025 14/11/2023 Monografía de Titulación         Biblioteca Central Lima Biblioteca Central Lima 13/11/2023